| 000 | 00625nam a22002177a 4500 | ||
|---|---|---|---|
| 999 |
_c13972 _d13972 |
||
| 003 | MIRAKIL | ||
| 005 | 20200826111126.0 | ||
| 008 | 200826b tu ||||| |||| 00| 0 tur d | ||
| 020 | _a9753790317 | ||
| 040 |
_aTR-AnCHP _cTR-AnCHP |
||
| 041 | _atur | ||
| 082 |
_a891.74 _bŞ64d 1994 |
||
| 100 | _aŞolohov, Mihail | ||
| 245 | 1 | 0 |
_aUyandırılmış toprak/ _cMihail Şolohov; çeviren : Nihal Yeğinobalı. |
| 250 | _a2 bs. | ||
| 260 |
_aİstanbul: _bEngin Yayıncılık, _c1994. |
||
| 300 |
_a423 s.: _c20 sm. |
||
| 650 | 0 |
_95112 _aRus Edebiyatı _xRoman |
|
| 700 |
_95927 _aYeğinobalı, Nihal _eçev. |
||
| 942 |
_2ddc _cBKS |
||